Kamus KBSR tahap Satu
| Main Author: | |
|---|---|
| Other Authors: | |
| Format: | Book |
| Subjects: |
MARC
| LEADER | 00000cam a2200000 7i4500 | ||
|---|---|---|---|
| 001 | 0000008758 | ||
| 002 | 000009550 | ||
| 005 | 20000330.0 | ||
| 020 | |a 9679334112 | ||
| 090 | 0 | 0 | |a 499.28321 |b AWA |
| 100 | 0 | |a Awang Sariyan | |
| 245 | 0 | 0 | |a Kamus KBSR tahap Satu |c Awang Sariyan & Chia Oia Peng |
| 300 | |a 213p. : |b ill ; |c 30cm. | ||
| 650 | 0 | 0 | |a Chinese language |x Dictionaries |x Malay language |
| 650 | 0 | 0 | |a Malay language |x Dictionaries |x Chinese language |
| 700 | 0 | |a Chia Oai Peng | |
| 999 | |a 0010944 |b BUKU |c JUNIOR MANDARIN COLLECTION |e PERPUSTAKAAN KOMUNITI PETALING JAYA | ||